Tod und Trauer brauchen Sprache
| Main Author: | |
|---|---|
| Contributors: | |
| Format: | Print Book |
| Language: | German |
| Subito Delivery Service: | Order now. |
| Check availability: | HBZ Gateway |
| WorldCat: | WorldCat |
| Interlibrary Loan: | Interlibrary Loan for the Fachinformationsdienste (Specialized Information Services in Germany) |
| Published: |
Stuttgart
Radius-Verl.
2008
|
| In: | Year: 2008 |
| Volumes / Articles: | Show volumes/articles. |
| Standardized Subjects / Keyword chains: | B
Death
/ Grief
/ Language
/ Religious experience
/ Protestant theology
B Death / Grief / Sermon / Protestant Church |
| Further subjects: | B
Collection of essays
B Grief B Collection of samples B Comfort B Death |
| Online Access: |
Table of Contents |
MARC
| LEADER | 00000cam a2200000 c 4500 | ||
|---|---|---|---|
| 001 | 560182449 | ||
| 003 | DE-627 | ||
| 005 | 20251223214837.0 | ||
| 007 | tu | ||
| 008 | 080319s2008 gw ||||| 00| ||ger c | ||
| 015 | |a 08,N13,0154 |2 dnb | ||
| 016 | 7 | |a 987830325 |2 DE-101 | |
| 020 | |a 3871731080 |9 3-87173-108-0 | ||
| 020 | |a 9783871735059 |9 978-3-87173-505-9 | ||
| 020 | |a 9783871731082 |9 978-3-87173-108-2 | ||
| 035 | |a (DE-627)560182449 | ||
| 035 | |a (DE-576)278247865 | ||
| 035 | |a (DE-599)DNB987830325 | ||
| 035 | |a (OCoLC)263438147 | ||
| 035 | |a (OCoLC)263438147 | ||
| 040 | |a DE-627 |b ger |c DE-627 |e rakwb | ||
| 041 | |a ger | ||
| 044 | |c XA-DE-BW | ||
| 082 | 0 | |a 236.1 | |
| 082 | 0 | 4 | |a 230 |
| 084 | |a BQ 3700 |2 rvk |0 (DE-625)rvk/15378: | ||
| 084 | |a 11.74 |2 bkl | ||
| 084 | |a 11.75 |2 bkl | ||
| 100 | 1 | |0 (DE-588)11718859X |0 (DE-627)078634849 |0 (DE-576)162458738 |4 aut |a Otto, Gert |d 1927-2005 | |
| 109 | |a Otto, Gert 1927-2005 | ||
| 245 | 1 | 0 | |a Tod und Trauer brauchen Sprache |c Gert Otto. Hrsg. von Ursula Baltz-Otto |
| 264 | 1 | |a Stuttgart |b Radius-Verl. |c 2008 | |
| 300 | |a 156 S | ||
| 336 | |a Text |b txt |2 rdacontent | ||
| 337 | |a ohne Hilfsmittel zu benutzen |b n |2 rdamedia | ||
| 338 | |a Band |b nc |2 rdacarrier | ||
| 583 | 1 | |a Archivierung/Langzeitarchivierung gewährleistet |f PEBW |x XA-DE-BW |2 pdager |5 DE-24 | |
| 650 | 4 | |a Tod | |
| 650 | 4 | |a Trauer | |
| 650 | 4 | |a Trost | |
| 655 | 7 | |a Beispielsammlung |0 (DE-588)4144384-6 |0 (DE-627)104798521 |0 (DE-576)209733659 |2 gnd-content | |
| 655 | 7 | |a Aufsatzsammlung |0 (DE-588)4143413-4 |0 (DE-627)105605727 |0 (DE-576)209726091 |2 gnd-content | |
| 689 | 0 | 0 | |d s |0 (DE-588)4060294-1 |0 (DE-627)106140086 |0 (DE-576)209134666 |2 gnd |a Tod |
| 689 | 0 | 1 | |d s |0 (DE-588)4060742-2 |0 (DE-627)106138553 |0 (DE-576)209136421 |2 gnd |a Trauer |
| 689 | 0 | 2 | |d s |0 (DE-588)4056449-6 |0 (DE-627)106154745 |0 (DE-576)209117702 |2 gnd |a Sprache |
| 689 | 0 | 3 | |d s |0 (DE-588)4076649-4 |0 (DE-627)106082450 |0 (DE-576)209202467 |2 gnd |a Religiöse Erfahrung |
| 689 | 0 | 4 | |d s |0 (DE-588)4015875-5 |0 (DE-627)104452455 |0 (DE-576)208913998 |2 gnd |a Evangelische Theologie |
| 689 | 0 | |5 DE-101 | |
| 689 | 1 | 0 | |d s |0 (DE-588)4060294-1 |0 (DE-627)106140086 |0 (DE-576)209134666 |2 gnd |a Tod |
| 689 | 1 | 1 | |d s |0 (DE-588)4060742-2 |0 (DE-627)106138553 |0 (DE-576)209136421 |2 gnd |a Trauer |
| 689 | 1 | 2 | |d s |0 (DE-588)4047089-1 |0 (DE-627)106195794 |0 (DE-576)209072172 |2 gnd |a Predigt |
| 689 | 1 | 3 | |d s |0 (DE-588)4015833-0 |0 (DE-627)106335138 |0 (DE-576)208913718 |2 gnd |a Evangelische Kirche |
| 689 | 1 | |5 (DE-627) | |
| 700 | 1 | |0 (DE-588)110556283 |0 (DE-627)392605198 |0 (DE-576)289676800 |4 oth |a Baltz-Otto, Ursula |d 1940- | |
| 856 | 4 | 2 | |u http://d-nb.info/987830325/04 |m B:DE-101 |q application/pdf |v 20130501 |x Verlag |3 Inhaltsverzeichnis |7 1 |
| 935 | |a mteo | ||
| 935 | |i Blocktest | ||
| 936 | r | v | |a BQ 3700 |b Predigtsammlungen |k Theologie und Religionswissenschaften |k Evangelische Praktische Theologie |k Homiletik |k Predigthilfen - Predigtsammlungen |k Predigtsammlungen |0 (DE-627)1271943514 |0 (DE-625)rvk/15378: |0 (DE-576)201943514 |
| 936 | b | k | |a 11.74 |j Liturgik |0 (DE-627)106419714 |
| 936 | b | k | |a 11.75 |j Homiletik |0 (DE-627)106415328 |
| 951 | |a BO | ||
| ACO | |a 1 | ||
| ELC | |b 1 | ||
| ORI | |a SA-MARC-ixtheob001.raw | ||
| REF | |a Evangelische Predigt | ||
| SPR | |a 1 |t IXT | ||
| STA | 0 | 0 | |a Comfort,Comfort,Consolation,Death,Death,Death in art,Grief,Grief,Bereavement in art,Sorrow,Mourning,Grief,Language,Language,Protestant Church,Protestant Church,Protestant Church,Evangelical Church,Protestant theology,Religious experience,Sermon,Sermon |
| STB | 0 | 0 | |a Consolation,Consolation,Réconfort,Réconfort,Réconfort (motif),Réconfort,Deuil,Deuil,Douleur (motif),Douleur,Douleur,Douleur,Expérience religieuse,Langage,Langage,Langue,Langue,Langue (motif),Langue,Mort,Mort,Sermon,Sermon,Homélie,Prédication,Homélie,Prédication,Théologie protestante,Église protestante,Église protestante |
| STC | 0 | 0 | |a Consuelo,Consuelo,Duelo,Duelo,Experiencia religiosa,Iglesia evangélica,Iglesia evangélica,Lengua,Lengua,Idioma,Idioma,Lenguaje,Idioma (Motivo),Idioma,Muerte,Muerte,Muerte,Predicación,Predicación,Homilía,Prédica,Homilía,Prédica,Homilía (Motivo),Prédica,Homilía,Prédica,Teología evangélica |
| STD | 0 | 0 | |a Chiesa evangelica,Chiesa evangelica,Consolazione <motivo>,Consolazione,Conforto,Conforto,Conforto (motivo),Conforto,Esperienza religiosa,Lingua <motivo>,Lingua,Linguaggio,Linguaggio,Linguaggio (motivo),Linguaggio,Lutto,Lutto,Morte,Morte,Omelia,Omelia,Teologia evangelica |
| STE | 0 | 0 | |a 丧恸,丧恸,悲痛,悲痛,安慰,安慰,宗教经验,宗教经历,新教教会,新教神学,更正教神学,死亡,死亡,讲章,讲章,讲道,讲道,语言 |
| STF | 0 | 0 | |a 喪慟,喪慟,悲痛,悲痛,安慰,安慰,宗教經驗,宗教經歷,新教教會,新教神學,更正教神學,死亡,死亡,語言,講章,講章,講道,講道 |
| STG | 0 | 0 | |a Consolo,Consolo,Experiência religiosa,Igreja evangélica,Igreja evangélica,Luto,Luto,Língua,Língua,Idioma,Idioma,Idioma (Motivo),Idioma,Morte,Morte,Prédica,Prédica,Homilia,Pregação,Homilia,Pregação,Homilia (Motivo),Pregação,Homilia,Pregação,Teologia evangélica |
| STH | 0 | 0 | |a Евангелическая церковь (мотив),Евангелическая церковь,Проповедь (мотив),Проповедь,Протестантское богословие,Религиозный опыт,Скорбь,Скорбь (мотив),Смерть (мотив),Смерть,Утешение (мотив),Утешение,Язык (речь, мотив),Язык (речь) |
| STI | 0 | 0 | |a Γλώσσα (μοτίβο),Γλώσσα,Ευαγγελική Εκκλησία (μοτίβο),Ευαγγελική Εκκλησία,Ευαγγελική θεολογία,Θάνατος (μοτίβο),Θάνατος,Θρησκευτική εμπειρία,Κήρυγμα (μοτίβο),Κήρυγμα,Πένθος,Πένθος (μοτίβο),Παρηγοριά (μοτίβο),Παρηγοριά |
| SYE | 0 | 0 | |a Todesdarstellung,Lebensende , Trauerarbeit,Trauerkultur,Trauern , Zuspruch,Tröstung |
| SYG | 0 | 0 | |a Todesdarstellung,Lebensende , Trauerarbeit,Trauerkultur,Trauern , Sprachen , Blätter zur kirchlichen Lage,Zwischen den Zeiten , Protestantische Theologie,Evangelische Kirche , Todesdarstellung,Lebensende , Trauerarbeit,Trauerkultur,Trauern , Kanzelrede , Evangelische Kirche in Karlsruhe , Protestant Church,Eglise protestante , Waldkapelle Klosterreichenbach,Petruskirche Heselbach,Drei-Meister-Kirche Helmershausen,Ev. Kirche,Evangelische Stadtkirche,Sankt Nikolaus,Nikolaikirche Elmshorn,Sankt Gereon,Schurwald-Kirchlein Aichschiess,Sankt Gereon und Margaretha,Evangelische Kirche Werden |